فلسفة الجمال والفن عند هيجل / (رقم التسجيلة. 79838)

تفاصيل مارك
000 -الفاتح
عناصر البيانات ثابتة الطول 00885cam a2200241 i 4500
005 - تاريخ ووقت آخر معاملة
حقل ضبط 20251113093938.0
008 - عناصر البيانات ثابتة الطول
عناصر البيانات ثابتة الطول 250721s9999 le gr 000 0 ara d
082 14 - رقم تصنيف ديوي العشري
رقم التصنيف 193
رقم المادة ب د و
100 1# - مدخل رئيسي – اسم شخصي
الاسم الشخصي بدوي، عبد الرحمن
علاقة الشخص بالعمل/ دوره مؤلف.
245 10 - بيان العنوان
العنوان فلسفة الجمال والفن عند هيجل /
بيان المسؤولية د. عبد الرحمن بدوي.
250 ## - بيان الطبعة
بيان الطبعة الطبعة الأولى.
264 31 - بيانات النشر، التوزيع…إلخ
مكان النشر، التوزيع...إلخ بيروت :
اسم الناشر، الموزع...إلخ المؤسسة العربية للنشر،
تاريخ النشر، التوزيع...إلخ 1996.
264 31 - بيانات النشر، التوزيع…إلخ
مكان النشر، التوزيع...إلخ عمان :
اسم الناشر، الموزع...إلخ دار الفارس للنشر والتوزيع،
تاريخ النشر، التوزيع...إلخ 1996.
264 31 - بيانات النشر، التوزيع…إلخ
مكان النشر، التوزيع...إلخ القاهرة :
اسم الناشر، الموزع...إلخ دار الشروق،
تاريخ النشر، التوزيع...إلخ 1996.
300 ## - الوصف المادي
عدد الوحدات المكونة للوعاء 395 صفحة.
650 17 - مدخل إضافي بالموضوع - مصطلح موضوعي
مصطلح موضوعي أو اسم جغرافي كعنصر مدخل الفلسفة.
650 17 - مدخل إضافي بالموضوع - مصطلح موضوعي
مصطلح موضوعي أو اسم جغرافي كعنصر مدخل الفلسفة الحديثة.
650 17 - مدخل إضافي بالموضوع - مصطلح موضوعي
مصطلح موضوعي أو اسم جغرافي كعنصر مدخل ألمانيا.
650 17 - مدخل إضافي بالموضوع - مصطلح موضوعي
مصطلح موضوعي أو اسم جغرافي كعنصر مدخل علم الجمال.
650 17 - مدخل إضافي بالموضوع - مصطلح موضوعي
مصطلح موضوعي أو اسم جغرافي كعنصر مدخل الجمال.
942 ## - بيانات إضافية (كوها)
نوع التنصيف Dewey Decimal Classification
نوع المادة (كوها) كتب
المقتنيات
حالة السحب حالة الفقدان مصدر التصنيف حالة التلف غير قابل للإعارة المكتبة الرئيسية المكتبة الحالية موقع الرف تاريخ التزويد الرقم المتسلسل Total Checkouts رقم الإستدعاء الباركود تاريخ آخر ظهور تاريخ الفاتورة نوع المادة (كوها)
    Dewey Decimal Classification     المكتبة المركزية المكتبة المركزية الإعارة 06/04/2011 1440674   193 / ب د و PLD00199771 28/07/2025 06/04/2011 كتب
Implemented & Customized by: BBB with SCIT (Smart Chains for Information Technology)

Powered by Koha